|
|
|
|
| LEADER |
00804cam a2200229 7i4500 |
| 001 |
0000029469 |
| 005 |
20170508090000.0 |
| 008 |
091117 eng |
| 020 |
|
|
|a 9780826496317 (pbk.)
|
| 090 |
0 |
0 |
|a H61
|b .G55 2007
|
| 100 |
1 |
|
|a Gilham, Bill
|
| 245 |
1 |
0 |
|a Developing a questionnaire
|c Bill Graham.
|
| 250 |
|
|
|a 2nd ed.
|
| 260 |
|
|
|a New York, NY:
|b Continuum International Publishing Group,
|c 2007.
|
| 300 |
|
|
|a ix, 112 p.:
|b ill.;
|c 22 cm.
|
| 490 |
0 |
|
|a Real world research
|
| 504 |
|
|
|a Includes bibliographical references and index
|
| 650 |
0 |
0 |
|a Questionnaires
|
| 650 |
0 |
0 |
|a Research --
|x Methodology
|
| 997 |
|
|
|a Business & Accountancy, Faculty
|
| 997 |
|
|
|a Education & Social Sciences, Faculty
|b Education, Department
|
| 999 |
|
|
|a 0000039876
|b BOK
|c OPEN SHELF
|e 1st Floor, Shah Alam
|